000 00608nam a2200241Ia 4500
003 OSt
005 20220918174340.0
006 a|||||r|||| 00| 0
007 ta
008 220917b |||||||| |||| 00| 0 eng d
024 _a11,726
037 _cTextual
040 _aARTS
_cARTS
_beng
041 _2eng
_aeng
082 _a/\, L3
100 _aScharfstein Ben-Ami
_914233
245 0 _aMystical experience
260 _aOxford
_bBasil Blackwell
_c1973
300 _a195p.
_ccm.
650 _aSPIRITUALISM
942 _h/\, L3
_cTEXL
_2CC
999 _c152813
_d152813